000
00278nam a22001217a 4500
008
180307b xxu||||| |||| 00| 0 eng d
041
_a
eng
080
_a
621
100
_a
27
101
_a
mecc
245
_a
introduction to automatic controls
_c
harrispn.b
942
_2
udc
_c
BK
999
_c
44307
_d
44307